000 01119nam a2200229Ia 4500
999 _c36480
_d36480
001 2397
003 GE_BSU
005 20230316145553.0
008 181216s2008||||ge |||||||||||||| ||geo||
040 _cGE_BSU
041 _ageo
080 _a327+328 ა–94
245 _aაღმოსავლეთის პარტნიორობა :
_bევროკომისიის რეკომენდაცია ევროპის პარლამენტისა და ევროკავშირის საბჭოსათვის, ბრიუსელი, 3 დეკემბერი, 2008 /
_cევროპის თანამეგობრობათა კომისია.
264 _a[თბ.],
_c2008.
300 _a16 გვ.;
_b25 სმ.
504 _a ბიბლიოგრ. ტექსტ. შენიშვნ.
541 _h2ლ.
653 _aევროკავშირი
653 _aევროსაბჭო
710 _aევროპის თანამეგობრობათა კომისია.
_917216
942 _cBK
_2udc